ბათუმის შოთა რუსთაველის სახელმწიფო უნივერსიტეტის ბიბლიოთეკა

Избранные биографии / (ბიბ.ჩანაწერი № 61041)

000 -LEADER
fixed length control field 00554nam a22001697a 4500
005 - DATE AND TIME OF LATEST TRANSACTION
control field 20231211165455.0
008 - FIXED-LENGTH DATA ELEMENTS--GENERAL INFORMATION
fixed length control field 231211s1941 ru ||||| |||| 00| 0 rus d
041 ## - LANGUAGE CODE
Language code of text/sound track or separate title rus
080 ## - UNIVERSAL DECIMAL CLASSIFICATION NUMBER
Universal Decimal Classification number 821.14'02 П-40
100 ## - MAIN ENTRY--PERSONAL NAME
Personal name Плутарх
9 (RLIN) 20510
245 ## - TITLE STATEMENT
Title Избранные биографии /
Statement of responsibility, etc. Плутарх.
264 ## - PRODUCTION, PUBLICATION, DISTRIBUTION, MANUFACTURE, AND COPYRIGHT NOTICE
Place of production, publication, distribution, manufacture М.-Л.
Name of producer, publisher, distributor, manufacturer СОЦЭКГИЗ,
Date of production, publication, distribution, manufacture, or copyright notice 1941.
300 ## - PHYSICAL DESCRIPTION
Extent 490 с.;
Other physical details 27 см.
653 ## - INDEX TERM--UNCONTROLLED
keyword ანტიკური ეპოქის ისტორია
653 ## - INDEX TERM--UNCONTROLLED
keyword ბიოგრაფიები
942 ## - ADDED ENTRY ELEMENTS (KOHA)
Source of classification or shelving scheme
Koha item type წიგნი
ეგზემპლარები
Withdrawn status Lost status Source of classification or shelving scheme Damaged status Not for loan Permanent Location Current Location Shelving location Date acquired Cost, normal purchase price Full call number Barcode Date last seen Copy number Uniform Resource Identifier Price effective from Koha item type Public note
          ბათუმის შოთა რუსთაველის სახელმწიფო უნივერსიტეტის მთავარი ბიბლიოთეკა ბათუმის შოთა რუსთაველის სახელმწიფო უნივერსიტეტის მთავარი ბიბლიოთეკა წიგნსაცავი 2023-12-11 10.00 821.14'02 П-40 65570 2023-12-11 65570 ბსუ-ს საპატიო დოქტორის გურამ ლორთქიფანიძის საჩუქარი 2023-12-11 წიგნი 10 ლ.